{"text_format":"3","workbook":"xlsx","n_sheets":1,"sheets":["t173"],"read":"whole","date_system":"1900"}

{"sheet":"t173","index":0,"n_rows":161,"n_cols":7,"rows_kept":161,"merged":[[0,0,0,6],[30,0,30,5],[45,0,45,5],[140,0,140,5]]}
["TABELA 173.1 - Estatísticas Agrícolas, Município de Espírito Santo do Turvo, Estado de São Paulo, 2007/08."]
["ITEM","UNIDADE","N.DE UPAs","MÍNIMO","MÉDIO","MÁXIMO","TOTAL"]
["Distância à sede do município","km",222,{"v":0,"d":"0.0"},{"v":8.65,"d":"8.7"},{"v":32,"d":"32.0"},"-"]
["Área total","hectare",222,1.2,{"v":93.73,"d":"93.7"},{"v":2335.3,"d":"2,335.3"},{"v":20808.24,"d":"20,808.2"}]
["Área com cultura perene","hectare",7,0.9,{"v":174.14,"d":"174.1"},{"v":600,"d":"600.0"},{"v":1219,"d":"1,219.0"}]
["Área com cultura temporária","hectare",119,0.1,{"v":49.54,"d":"49.5"},{"v":1436.5,"d":"1,436.5"},{"v":5895.52,"d":"5,895.5"}]
["Área com pastagem","hectare",167,0.5,{"v":75.56,"d":"75.6"},{"v":1247.7,"d":"1,247.7"},{"v":12619.1,"d":"12,619.1"}]
["Área com reflorestamento","hectare",35,0.6,{"v":7.61,"d":"7.6"},84.7,266.3]
["Área com vegetação natural","hectare",95,0.1,5.8,100.6,{"v":551,"d":"551.0"}]
["Área com vegetação de brejo e várzea","hectare",3,0.1,{"v":0.17,"d":"0.2"},0.3,{"v":0.52,"d":"0.5"}]
["Área em descanso","hectare",5,1.6,{"v":3.64,"d":"3.6"},{"v":9,"d":"9.0"},18.2]
["Área complementar","hectare",184,0.1,1.3,27.3,238.6]
["Área das UPAs com (0, 1] ha","hectare","-","-","-","-","-"]
["Área das UPAs com (1, 2] ha","hectare",2,1.2,{"v":1.25,"d":"1.3"},1.3,2.5]
["Área das UPAs com (2, 5] ha","hectare",77,2.4,{"v":2.41,"d":"2.4"},3.3,{"v":185.94,"d":"185.9"}]
["Área das UPAs com (5, 10] ha","hectare",13,5.4,{"v":7.17,"d":"7.2"},9.9,93.2]
["Área das UPAs com (10, 20] ha","hectare",26,10.4,{"v":14.48,"d":"14.5"},19.3,376.4]
["Área das UPAs com (20, 50] ha","hectare",30,21.7,{"v":34.16,"d":"34.2"},48.7,{"v":1024.7,"d":"1,024.7"}]
["Área das UPAs com (50, 100] ha","hectare",37,51.8,{"v":77.86,"d":"77.9"},99.2,{"v":2880.7,"d":"2,880.7"}]
["Área das UPAs com (100, 200] ha","hectare",18,101.6,131.2,193.6,{"v":2361.6,"d":"2,361.6"}]
["Área das UPAs com (200, 500] ha","hectare",7,{"v":242,"d":"242.0"},{"v":392.54,"d":"392.5"},490.7,{"v":2747.8,"d":"2,747.8"}]
["Área das UPAs com (500, 1.000] ha","hectare",9,503.3,{"v":647.56,"d":"647.6"},913.7,{"v":5828,"d":"5,828.0"}]
["Área das UPAs com (1.000, 2.000] ha","hectare",2,{"v":1435,"d":"1,435.0"},{"v":1486.05,"d":"1,486.1"},{"v":1537.1,"d":"1,537.1"},{"v":2972.1,"d":"2,972.1"}]
["Área das UPAs com (2.000, 5.000] ha","hectare",1,{"v":2335.3,"d":"2,335.3"},{"v":2335.3,"d":"2,335.3"},{"v":2335.3,"d":"2,335.3"},{"v":2335.3,"d":"2,335.3"}]
["Área das UPAs com (5.000, 10.000] ha","hectare","-","-","-","-","-"]
["Área das UPAs acima de 10.000 ha","hectare","-","-","-","-","-"]
["Familiares do proprietário que trabalham na UPA","unidade",164,{"v":1,"d":"1.0"},{"v":1.82,"d":"1.8"},{"v":18,"d":"18.0"},{"v":298,"d":"298.0"}]
["Trabalhadores permanentes","unidade",64,{"v":1,"d":"1.0"},{"v":2.05,"d":"2.1"},{"v":15,"d":"15.0"},{"v":131,"d":"131.0"}]
["Fonte: Secretaria de Agricultura e Abastecimento, CDRS/IEA, Projeto LUPA."]
[]
["TABELA 173.2 - Explorações Animais, Município de Espírito Santo do Turvo, Estado de São Paulo, 2007/08."]
["ITEM","UNIDADE","N.DE UPAs","MÍNIMO","MÉDIO","MÁXIMO","TOTAL"]
["Asininos E Muares","cabeças",9,{"v":1,"d":"1.0"},{"v":2.56,"d":"2.6"},{"v":7,"d":"7.0"},{"v":23,"d":"23.0"}]
["Avicultura Ornamental/Decorativa/Exótica","cabeças",5,{"v":6,"d":"6.0"},31.2,{"v":100,"d":"100.0"},{"v":156,"d":"156.0"}]
["Bovinocultura de Corte","cabeças",46,{"v":2,"d":"2.0"},{"v":169.22,"d":"169.2"},{"v":1200,"d":"1,200.0"},{"v":7784,"d":"7,784.0"}]
["Bovinocultura Leiteira","cabeças",32,{"v":1,"d":"1.0"},{"v":22.19,"d":"22.2"},{"v":135,"d":"135.0"},{"v":710,"d":"710.0"}]
["Bovinocultura Mista","cabeças",79,{"v":1,"d":"1.0"},{"v":51.77,"d":"51.8"},{"v":700,"d":"700.0"},{"v":4090,"d":"4,090.0"}]
["Caprinocultura","cabeças",2,{"v":8,"d":"8.0"},{"v":19,"d":"19.0"},{"v":30,"d":"30.0"},{"v":38,"d":"38.0"}]
["Carcinocultura","pós-larvas",1,{"v":4,"d":"4.0"},{"v":4,"d":"4.0"},{"v":4,"d":"4.0"},{"v":4,"d":"4.0"}]
["Equinocultura","cabeças",93,{"v":1,"d":"1.0"},{"v":3.14,"d":"3.1"},{"v":20,"d":"20.0"},{"v":292,"d":"292.0"}]
["Ovinocultura","cabeças",6,{"v":10,"d":"10.0"},{"v":102.83,"d":"102.8"},{"v":500,"d":"500.0"},{"v":617,"d":"617.0"}]
["Sericicultura","gramas larvas/ano",1,{"v":1,"d":"1.0"},{"v":1,"d":"1.0"},{"v":1,"d":"1.0"},{"v":1,"d":"1.0"}]
["Suinocultura","cabeças",16,{"v":1,"d":"1.0"},{"v":13.19,"d":"13.2"},{"v":140,"d":"140.0"},{"v":211,"d":"211.0"}]
["Fonte: Secretaria de Agricultura e Abastecimento, CDRS/IEA, Projeto LUPA."]
[]
["TABELA 173.3 -  Máquinas, Implementos e Benfeitorias, Município de Espírito Santo do Turvo, Estado de São Paulo, 2007/08."]
["ITEM","UNIDADE","N.DE UPAs","MÍNIMO","MÉDIO","MÁXIMO","TOTAL"]
["Arado Comum (Bacia, Aiveca)","Unidade",41,{"v":1,"d":"1.0"},{"v":1.22,"d":"1.2"},{"v":5,"d":"5.0"},{"v":50,"d":"50.0"}]
["Arado Escarificador","Unidade",2,{"v":1,"d":"1.0"},{"v":2,"d":"2.0"},{"v":3,"d":"3.0"},{"v":4,"d":"4.0"}]
["Arado Subsolador","Unidade",6,{"v":1,"d":"1.0"},{"v":1,"d":"1.0"},{"v":1,"d":"1.0"},{"v":6,"d":"6.0"}]
["Carregadeira de Cana","Unidade",1,{"v":35,"d":"35.0"},{"v":35,"d":"35.0"},{"v":35,"d":"35.0"},{"v":35,"d":"35.0"}]
["Computador","Unidade",2,{"v":1,"d":"1.0"},{"v":1,"d":"1.0"},{"v":1,"d":"1.0"},{"v":2,"d":"2.0"}]
["Conj.Irrigação Convencional","Unidade",2,{"v":1,"d":"1.0"},{"v":1,"d":"1.0"},{"v":1,"d":"1.0"},{"v":2,"d":"2.0"}]
["Desintegrador, Picador, Triturador","Unidade",23,{"v":1,"d":"1.0"},{"v":1.09,"d":"1.1"},{"v":3,"d":"3.0"},{"v":25,"d":"25.0"}]
["Distribuidor de Calcário","Unidade",8,{"v":1,"d":"1.0"},{"v":1,"d":"1.0"},{"v":1,"d":"1.0"},{"v":8,"d":"8.0"}]
["Ensiladeira","Unidade",8,{"v":1,"d":"1.0"},{"v":1,"d":"1.0"},{"v":1,"d":"1.0"},{"v":8,"d":"8.0"}]
["Grade Aradora (Tipo Romi)","Unidade",11,{"v":1,"d":"1.0"},{"v":2,"d":"2.0"},{"v":9,"d":"9.0"},{"v":22,"d":"22.0"}]
["Grade Niveladora","Unidade",33,{"v":1,"d":"1.0"},{"v":1.42,"d":"1.4"},{"v":10,"d":"10.0"},{"v":47,"d":"47.0"}]
["Implementos para Tração Animal","Unidade",4,{"v":1,"d":"1.0"},1.5,{"v":3,"d":"3.0"},{"v":6,"d":"6.0"}]
["Ordenhadeira Mecânica","Unidade",4,{"v":1,"d":"1.0"},{"v":1,"d":"1.0"},{"v":1,"d":"1.0"},{"v":4,"d":"4.0"}]
["Pulverizador Tratorizado","Unidade",11,{"v":1,"d":"1.0"},{"v":1.91,"d":"1.9"},{"v":8,"d":"8.0"},{"v":21,"d":"21.0"}]
["Resfriador de Leite, Tanque Expansão","Unidade",6,{"v":1,"d":"1.0"},{"v":1,"d":"1.0"},{"v":1,"d":"1.0"},{"v":6,"d":"6.0"}]
["Semeadeira/Adubadeira para Plantio Convencional","Unidade",5,{"v":1,"d":"1.0"},{"v":1,"d":"1.0"},{"v":1,"d":"1.0"},{"v":5,"d":"5.0"}]
["Semeadeira/Plantadeira Plantio Direto","Unidade",2,{"v":1,"d":"1.0"},2.5,{"v":4,"d":"4.0"},{"v":5,"d":"5.0"}]
["Terraceador","Unidade",2,{"v":1,"d":"1.0"},{"v":1,"d":"1.0"},{"v":1,"d":"1.0"},{"v":2,"d":"2.0"}]
["Trator de Esteiras","Unidade",1,{"v":1,"d":"1.0"},{"v":1,"d":"1.0"},{"v":1,"d":"1.0"},{"v":1,"d":"1.0"}]
["Trator de Pneus","Unidade",50,{"v":1,"d":"1.0"},{"v":2.04,"d":"2.0"},{"v":30,"d":"30.0"},{"v":102,"d":"102.0"}]
["Açude/Represa","Unidade",41,{"v":1,"d":"1.0"},{"v":1.56,"d":"1.6"},{"v":13,"d":"13.0"},{"v":64,"d":"64.0"}]
["Almoxarifado/Oficina","Unidade",7,{"v":1,"d":"1.0"},{"v":1,"d":"1.0"},{"v":1,"d":"1.0"},{"v":7,"d":"7.0"}]
["Armazém para Grãos Ensacados","Sacas",1,{"v":1,"d":"1.0"},{"v":1,"d":"1.0"},{"v":1,"d":"1.0"},{"v":1,"d":"1.0"}]
["Balança para Bovinos","Unidade",2,{"v":1,"d":"1.0"},{"v":1,"d":"1.0"},{"v":1,"d":"1.0"},{"v":2,"d":"2.0"}]
["Balança para Veículos","Unidade",1,{"v":2,"d":"2.0"},{"v":2,"d":"2.0"},{"v":2,"d":"2.0"},{"v":2,"d":"2.0"}]
["Barracão para Bicho da Seda/Sirgaria","Unidade",1,{"v":1,"d":"1.0"},{"v":1,"d":"1.0"},{"v":1,"d":"1.0"},{"v":1,"d":"1.0"}]
["Barracão/Galpão/Garagem","Unidade",35,{"v":1,"d":"1.0"},{"v":1.09,"d":"1.1"},{"v":2,"d":"2.0"},{"v":38,"d":"38.0"}]
["Casa de Moradia Habitada","Unidade",139,{"v":1,"d":"1.0"},{"v":1.37,"d":"1.4"},{"v":7,"d":"7.0"},{"v":190,"d":"190.0"}]
["Casa de Moradia Total","Unidade",173,{"v":1,"d":"1.0"},1.4,{"v":5,"d":"5.0"},{"v":243,"d":"243.0"}]
["Curral/Mangueira","Unidade",106,{"v":1,"d":"1.0"},{"v":1.17,"d":"1.2"},{"v":6,"d":"6.0"},{"v":124,"d":"124.0"}]
["Depósito/Tulha","Unidade",121,{"v":1,"d":"1.0"},{"v":1.11,"d":"1.1"},{"v":3,"d":"3.0"},{"v":134,"d":"134.0"}]
["Engenho","Unidade",1,{"v":500,"d":"500.0"},{"v":500,"d":"500.0"},{"v":500,"d":"500.0"},{"v":500,"d":"500.0"}]
["Estábulo","Unidade",14,{"v":1,"d":"1.0"},{"v":1.21,"d":"1.2"},{"v":3,"d":"3.0"},{"v":17,"d":"17.0"}]
["Estufa/Plasticultura","m²",48,{"v":1,"d":"1.0"},{"v":302.63,"d":"302.6"},{"v":1000,"d":"1,000.0"},{"v":14526,"d":"14,526.0"}]
["Instalações para Equinos","Unidade",5,{"v":1,"d":"1.0"},1.6,{"v":4,"d":"4.0"},{"v":8,"d":"8.0"}]
["Pocilga","Unidade",9,{"v":1,"d":"1.0"},{"v":1,"d":"1.0"},{"v":1,"d":"1.0"},{"v":9,"d":"9.0"}]
["Poço Semi-Artesiano","Unidade",41,{"v":1,"d":"1.0"},{"v":1.07,"d":"1.1"},{"v":2,"d":"2.0"},{"v":44,"d":"44.0"}]
["Posto Meteorológico","Unidade",1,{"v":2,"d":"2.0"},{"v":2,"d":"2.0"},{"v":2,"d":"2.0"},{"v":2,"d":"2.0"}]
["Silo para Grãos","t",1,{"v":1,"d":"1.0"},{"v":1,"d":"1.0"},{"v":1,"d":"1.0"},{"v":1,"d":"1.0"}]
["Silo para Silagem","t",9,{"v":1,"d":"1.0"},{"v":6.78,"d":"6.8"},{"v":47,"d":"47.0"},{"v":61,"d":"61.0"}]
["Terreiro","m²",11,{"v":1,"d":"1.0"},{"v":106.45,"d":"106.5"},{"v":900,"d":"900.0"},{"v":1171,"d":"1,171.0"}]
["Usina de Açúcar/destilaria","Unidade",1,{"v":1,"d":"1.0"},{"v":1,"d":"1.0"},{"v":1,"d":"1.0"},{"v":1,"d":"1.0"}]
["Fonte: Secretaria de Agricultura e Abastecimento, CDRS/IEA, Projeto LUPA."]
[]
["TABELA 173.4 - Outras Estatísticas Agrícolas, Município de Espírito Santo do Turvo, Estado de São Paulo, 2007/08."]
["ITEM","Número de UPAs",null,"Percentual"]
["Faz Parte de Associação de Produtores",118,null,{"v":53.153153153153156,"d":"53.2"}]
["Faz Parte de Cooperativa de Produtores",19,null,{"v":8.558558558558559,"d":"8.6"}]
["Faz Parte do Sindicato de Produtores",63,null,{"v":28.37837837837838,"d":"28.4"}]
["Não utiliza assistência técnica ",40,null,{"v":18.01801801801802,"d":"18.0"}]
["Utiliza somente assistência técnica governamental ",170,null,{"v":76.57657657657657,"d":"76.6"}]
["Utiliza somente assistência técnica privada ",3,null,{"v":1.3513513513513513,"d":"1.4"}]
["Utiliza assistência técnica tanto governamental quanto privada",9,null,{"v":4.054054054054054,"d":"4.1"}]
["Utiliza Crédito Rural",102,null,{"v":45.94594594594595,"d":"45.9"}]
["Utiliza Seguro Rural",4,null,{"v":1.8018018018018018,"d":"1.8"}]
["Utiliza Escrituração Agrícola",192,null,{"v":86.48648648648648,"d":"86.5"}]
["Acessa Internet p/ Fins na Agropecuária",5,null,{"v":2.2522522522522523,"d":"2.3"}]
["Utiliza Computador nas Atividades Agropecuárias",8,null,{"v":3.6036036036036037,"d":"3.6"}]
["Utiliza Energia Elétrica Para Uso na Atividade Agrícola",191,null,{"v":86.03603603603602,"d":"86.0"}]
["Realiza Análise de Solo, quando necessário",51,null,{"v":22.972972972972975,"d":"23.0"}]
["Utiliza Práticas de Conservação de Solo, quando necessário",185,null,{"v":83.33333333333333,"d":"83.3"}]
["Faz Adubação Mineral, quando necessário",120,null,{"v":54.05405405405405,"d":"54.1"}]
["Faz Adubação Orgânica, quando necessário",44,null,{"v":19.81981981981982,"d":"19.8"}]
["Faz Adubação Verde, quando necessário",2,null,{"v":0.9009009009009009,"d":"0.9"}]
["Utiliza Manejo Integrado de Pragas (MIP)","-",null,"-"]
["Utiliza Hidroponia","-",null,"-"]
["Utiliza Plasticultura",51,null,{"v":22.972972972972975,"d":"23.0"}]
["Utiliza Mudas Fiscalizadas",59,null,{"v":26.576576576576578,"d":"26.6"}]
["Utiliza Semente Melhorada",64,null,{"v":28.82882882882883,"d":"28.8"}]
["Faz Confinamento de Bovinos",3,null,{"v":1.3513513513513513,"d":"1.4"}]
["Utiliza Pastejo Intensivo",104,null,{"v":46.846846846846844,"d":"46.8"}]
["Faz Inseminação Artificial",6,null,{"v":2.7027027027027026,"d":"2.7"}]
["Faz Mineralização do Rebanho",113,null,{"v":50.9009009009009,"d":"50.9"}]
["Faz Vermifugação do Rebanho",115,null,{"v":51.8018018018018,"d":"51.8"}]
["Possui Parceiros /Arrendatários na Exploração Animal",6,null,{"v":2.7027027027027026,"d":"2.7"}]
["Esporte e lazer","-",null,"-"]
["Extração mineral","-",null,"-"]
["Hotel Fazenda, Pousada ou SPA","-",null,"-"]
["Pesque-pague",1,null,{"v":0.45045045045045046,"d":"0.5"}]
["Restaurante ou Lanchonete","-",null,"-"]
["Transformação artesanal",1,null,{"v":0.45045045045045046,"d":"0.5"}]
["Turismo rural ou ecoturismo","-",null,"-"]
["Outras atividades econômicas rurais","-",null,"-"]
["Agroindústria","-",null,"-"]
["Proprietário sem instrução ou com instrução incompleta",13,null,{"v":5.8558558558558556,"d":"5.9"}]
["Proprietário com antigo primário completo",120,null,{"v":54.05405405405405,"d":"54.1"}]
["Proprietário com 1° grau (ou antigo ginasial) completo",23,null,{"v":10.36036036036036,"d":"10.4"}]
["Proprietário com 2° grau (ou antigo colegial) completo",24,null,{"v":10.81081081081081,"d":"10.8"}]
["Proprietário com curso superior completo ",38,null,{"v":17.117117117117118,"d":"17.1"}]
["Pessoa Jurídica",4,null,{"v":1.8018018018018018,"d":"1.8"}]
["Proprietário residente na própria UPA ",116,null,{"v":52.25225225225225,"d":"52.3"}]
["Fonte: Secretaria de Agricultura e Abastecimento, CDRS/IEA, Projeto LUPA."]
[]
["TABELA 173.5 - Área Cultivada, Município de Espírito Santo do Turvo, Estado de São Paulo, 2007/08."]
["CULTURA","N.DE UPAs","MÍNIMO","MÉDIO","MÁXIMO","TOTAL"]
["Braquiaria",167,0.5,{"v":75.56,"d":"75.6"},{"v":1247.7,"d":"1,247.7"},{"v":12619.1,"d":"12,619.1"}]
["Cana-de-acucar",59,0.1,{"v":96.64,"d":"96.6"},{"v":1436.5,"d":"1,436.5"},{"v":5702,"d":"5,702.0"}]
["Laranja",2,559.6,579.8,{"v":600,"d":"600.0"},{"v":1159.6,"d":"1,159.6"}]
["Eucalipto",35,0.6,{"v":7.61,"d":"7.6"},84.7,266.3]
["Milho",12,{"v":1,"d":"1.0"},{"v":4.44,"d":"4.4"},11.2,53.3]
["Milho-silagem",1,48.4,48.4,48.4,48.4]
["Mandioca",28,0.3,{"v":1.62,"d":"1.6"},2.1,45.3]
["Melancia",3,7.2,9.1,12.1,27.3]
["Macadamia (ou noz-macadamia)",2,7.3,{"v":10.15,"d":"10.2"},{"v":13,"d":"13.0"},20.3]
["Abobora (ou jerimum)",3,{"v":1,"d":"1.0"},{"v":5.57,"d":"5.6"},14.5,16.7]
["Lichia",1,{"v":13,"d":"13.0"},{"v":13,"d":"13.0"},{"v":13,"d":"13.0"},{"v":13,"d":"13.0"}]
["Laranja-azeda",1,{"v":12,"d":"12.0"},{"v":12,"d":"12.0"},{"v":12,"d":"12.0"},{"v":12,"d":"12.0"}]
["Abacate",1,8.4,8.4,8.4,8.4]
["Pimentao",41,0.1,{"v":0.16,"d":"0.2"},{"v":1,"d":"1.0"},{"v":6.42,"d":"6.4"}]
["Amora (ou amora-preta)",1,4.8,4.8,4.8,4.8]
["Cafe",1,0.9,0.9,0.9,0.9]
["Maxixe (ou pepino-das-antilhas)",1,0.3,0.3,0.3,0.3]
["Tomate envarado",2,0.1,0.1,0.1,0.2]
["Fonte: Secretaria de Agricultura e Abastecimento, CDRS/IEA, Projeto LUPA."]